000 01231nam a2200409 a 4500
001 00000582
003 DO-SdBNP
005 20180409142620.0
007 00000582
008 090824s1982 sp a 000 j spa d
020 _a 8434817381
040 _aBPMSU
_bspa
_cBPMSU
082 0 4 _a xxx
_b xx
100 1 _aJennings, Terry.
_d
240 _aThe young scientist investigates. Water.
_lEspañol
245 1 0 _a El agua /
_cTerry Jennings ; ilustraciones John Barber ... [et al.] ; traducción del inglés Isabel Seriñá.
260 _aMadrid :
_bEdiciones S.M.,
_c1982
300 _a32 p. :
_bil. ;
_c29 cm.
490 _aEl joven investigador
500 _a
501 _a
505 _aDos gotas de agua
563 _aDos obras publicadas juntas con paginación contínua
650 4 _a Agua
_xEnseñanza elemental.
650 4 _a
700 1 _a Barber, John,
_t
_eil.
740 _aDos gotas de agua
830 _aEl joven investigador
910 _a
930 1 _l
_m
_8
_f
_p
_g
930 1 _l
_m
_8
_f
_p
_g
_h
942 _2ddc
_cBK
945 _aInventariado, 2018 / BT
956 _a
_b
_c
_l
_h
956 _a
_b
_c
_l
_h
956 _aVMATEO
_b10
_c20150903
_lBPMSU
_h00151
999 _c12576
_d12576